| 000 | 01774nam a22002777a 4500 | ||
|---|---|---|---|
| 005 | 20170202163427.0 | ||
| 010 | _aB-391380-397 | ||
| 020 |
_a8126006390 _c200.00 |
||
| 035 | _aB-391380-397 | ||
| 037 | _bDBAD / PUB | ||
| 037 | _bनॉर्थ इण्डिया पब्लिशर्स/VEN | ||
| 082 | _aउ | ||
| 100 | _aसुब्बाराव, टी. आर. | ||
| 245 |
_aदुर्ग का पतन / _cटी. आर.सुब्बाराव; बी. आर. नारायण द्वारा कन्नड से हिन्दी में अनुवाद |
||
| 246 |
_aDurg kaa patan _bby T.R.Subbarao |
||
| 260 |
_aनई दिल्ली _bसाहित्य अकादमी _c1999 |
||
| 260 |
_aदिल्ली _bनार्थ इंडिया पब्लिशर्स एंड डिस्ट्रीब्यूटर्स (वितरक) |
||
| 270 |
_aरवीन्द्र भवन, 35, फीरोजशाह मार्ग _bनई दिल्ली _e110001 |
||
| 270 | _a | ||
| 300 |
_a643पृ _c22सेमी (सजिल्द) |
||
| 500 | _aसाहित्य अकादेमी द्वारा पुरस्कृत कन्नड उपन्यास । हिन्दी अनुवाद । | ||
| 520 | _aAW | ||
| 700 |
_aनारायण, बी. आर. _924161 |
||
| 942 |
_2ddc _cHN _hउ _mसुब्बारा |
||
| 999 |
_c48562 _d48562 |
||